00441nam a2200169 a 4500001001300000003000900013005001700022008004100039020000900080082001800089100002200107245004800129260003200177300000900209500003500218650001800253nice12345678IN_TiNIC20260116014813.0130108s2009 newa grp 000 0 eng  ac3500a341.7588bSOV aSovereignty, Seed aPatents on Seedsb A Handbook for Activists aNew Delhi bNavdanya c2009 a14p  aincludes index and biblioraphy aGlobalization